MARC details
| 000 -CABECERA |
| campo de control de longitud fija |
01635nam a2200277 a 4500 |
| 001 - NÚMERO DE CONTROL |
| campo de control |
000005804 |
| 005 - FECHA Y HORA DE LA ÚLTIMA TRANSACCIÓN |
| campo de control |
20250128193628.0 |
| 008 - DATOS DE LONGITUD FIJA--INFORMACIÓN GENERAL |
| campo de control de longitud fija |
090824s1994 dr 001 0 spa d |
| 040 ## - FUENTE DE LA CATALOGACIÓN |
| Centro catalogador/agencia de origen |
DO-SdBNP |
| Lengua de catalogación |
spa |
| Centro/agencia transcriptor |
BNPHU |
| 082 ## - NÚMERO DE LA CLASIFICACIÓN DECIMAL DEWEY |
| Número de clasificación |
344.094 |
| Número de documento/Ítem |
E77p |
| 100 1# - ENTRADA PRINCIPAL--NOMBRE DE PERSONA |
| Nombre de persona |
Espinal Hernández, Edwin, |
| Fechas asociadas al nombre |
1971- |
| 9 (RLIN) |
8396 |
| 245 10 - MENCIÓN DE TÍTULO |
| Título |
Patrimonio cultural y legislación / |
| Mención de responsabilidad, etc. |
Edwin Espinal Hernandez. |
| 260 ## - PUBLICACIÓN, DISTRIBUCIÓN, ETC. |
| Lugar de publicación, distribución, etc. |
Santo Domingo : |
| Nombre del editor, distribuidor, etc. |
Asociación Hipólito Herrera Billini : |
| -- |
Capel Dominicana, |
| Fecha de publicación, distribución, etc. |
[1994]. |
| 300 ## - DESCRIPCIÓN FÍSICA |
| Extensión |
227 p. ; |
| Dimensiones |
23 cm. |
| 490 1# - MENCIÓN DE SERIE |
| Mención de serie |
Breviarios |
| Designación de volumen o secuencia |
3 |
| 504 ## - NOTA DE BIBLIOGRAFÍA, ETC. |
| Nota de bibliografía, etc. |
Incluye bibliografía y notas al pie de páginas. |
| 504 ## - NOTA DE BIBLIOGRAFÍA, ETC. |
| Nota de bibliografía, etc. |
Bibliografía: p. 205-212. |
| 505 0# - NOTA DE CONTENIDO CON FORMATO |
| Título |
El concepto de cultura -- |
| -- |
El concepto de patrimonio cultural -- |
| -- |
Antecedentes legislativos referentes al patrimonio cultural -- |
| -- |
Marco legal e institucional actual -- |
| -- |
Análisi de la legislación vigente en el aspecto legal e institucional -- |
| -- |
Derecho comparado: el marco institucional de Colombia relativo al patrimonio cultural frente al dominicano -- |
| -- |
Conclusión: Necesidad de adecuación del cuerpo legal y el aparato institucional referido al patrimonio cultural -- |
| Información miscelánea |
Bibliografía consultada -- |
| -- |
Apendice: |
| Título |
Anteproyecto de ley que crea la Secretaría de Estado de Cultura. |
| 590 ## - NOTA LOCAL (RLIN) |
| Nota local |
Inventariado,2018/DG |
| 650 #4 - PUNTO DE ACCESO ADICIONAL DE MATERIA--TÉRMINO DE MATERIA |
| Término de materia o nombre geográfico como elemento de entrada |
Patrimonio cultural |
| Subdivisión general |
Legislación |
| Subdivisión geográfica |
República Dominicana |
| 9 (RLIN) |
16413 |
| 650 #4 - PUNTO DE ACCESO ADICIONAL DE MATERIA--TÉRMINO DE MATERIA |
| Término de materia o nombre geográfico como elemento de entrada |
Cultura |
| Subdivisión general |
Legislación |
| Subdivisión geográfica |
República Dominicana |
| 9 (RLIN) |
16414 |
| 650 #4 - PUNTO DE ACCESO ADICIONAL DE MATERIA--TÉRMINO DE MATERIA |
| Término de materia o nombre geográfico como elemento de entrada |
Política cultural |
| Subdivisión geográfica |
República Dominicana |
| 9 (RLIN) |
1984 |
| 650 #4 - PUNTO DE ACCESO ADICIONAL DE MATERIA--TÉRMINO DE MATERIA |
| Término de materia o nombre geográfico como elemento de entrada |
Administración cultural |
| Subdivisión geográfica |
República Dominicana |
| 9 (RLIN) |
16415 |
| 830 #0 - PUNTO DE ACCESO ADICIONAL DE SERIE-TÍTULO UNIFORME |
| Título uniforme |
Breviarios |
| Designación de volumen o secuencia |
3 |
| 9 (RLIN) |
16416 |
| 910 ## - DATOS DE OPCIÓN DEL USUARIO (OCLC) |
| Datos de opción del usuario |
Validado. Control de calidad EMS. |